Online Catalogue and eLibrary

Sinhala shila lekhana (Record no. 4854)

MARC details
000 -LEADER
fixed length control field 00371nam a2200145Ia 4500
005 - DATE AND TIME OF LATEST TRANSACTION
control field 20250701014645.0
008 - FIXED-LENGTH DATA ELEMENTS--GENERAL INFORMATION
fixed length control field 240331s9999 xx 000 0 und d
082 ## - DDC Classification
Item Number - Author Mark KAR
Class No. 891
100 ## - MAIN ENTRY--PERSONAL NAME
Personal name Karunarathne,W.S
245 #0 - TITLE STATEMENT
Title Sinhala shila lekhana
260 ## - PUBLICATION, DISTRIBUTION, ETC.
Place of publication, distribution, etc. Colombo
Name of publisher, distributor, etc. M.D.Gunasena Book & Publishers
Date of publication, distribution, etc. 1960
300 ## - PHYSICAL DESCRIPTION
Extent (e.g. Volumes, Pages etc.) 60 p .,
650 ## - SUBJECT ADDED ENTRY--TOPICAL TERM
Topical term or geographic name entry element Sinhala Inscription
942 ## - Koha item type (Biblio)
Koha item type Books in Stacks (Lending)
Holdings
Lost status Damaged status Collection code Home library Current library Shelving location Date acquired Full call number Accession Number Item type
    Lending WERC Library WERC Library Social Science Cupboard 03/31/2024 891.48 KAR 1056 Books in Stacks (Lending)

© WERC Library